Modernización de los regadíos tradicionales de Mula. Memoria de la Comunidad de Regantes del Pantano de "La Cierva" /
Salvato in:
| Autore principale: | |
|---|---|
| Altri autori: | |
| Natura: | testo |
| Pubblicazione: |
Murcia:
CAJAMURCIA
|
| Edizione: | 2 |
| Soggetti: | |
| Tags: |
Aggiungi Tag
Nessun Tag, puoi essere il primo ad aggiungerne!!
|
MARC
| LEADER | 00000 a a2200000 04500 | ||
|---|---|---|---|
| 001 | 26508 | ||
| 003 | |||
| 040 | |||
| 020 | |a 84-89724-13-X | ||
| 090 | |a 148600 | ||
| 100 | |a García, Francisco del Amor | ||
| 245 | |a Modernización de los regadíos tradicionales de Mula. Memoria de la Comunidad de Regantes del Pantano de "La Cierva" / |c Francisco del Amor García | ||
| 250 | |a 2 | ||
| 260 | |a Murcia: |b CAJAMURCIA | ||
| 300 | |a 92 p. |b **no definido** |b il. | ||
| 500 | |a Galardonado con el "Premio Iberdrola 1997 a la innovación tecnológica en la gestión y uso del agua", entregado en la 3 Conferencia Intenacional del Seminario Permanente "Ciencia y Tecnología del Agua" | ||
| 650 | |a DESARROLLO DEL RIEGO | ||
| 650 | |a SISTEMAS DE RIEGO | ||
| 650 | |a CANALES DE RIEGO | ||
| 650 | |a TIERRA DE REGADIO | ||
| 650 | |a RECURSOS HIDRICOS | ||
| 650 | |a RED HIDROLOGICA | ||
| 650 | |a INNOVACIONES AGRICOLAS | ||
| 650 | |a MODERNIZACION | ||
| 650 | |a METODOLOGIA | ||
| 650 | |a EQUIPO DE RIEGO | ||
| 650 | |a ASPECTOS TECNICOS | ||
| 650 | |a ANALISIS DE BENEFICIOS | ||
| 700 | |a ed. |a Gómez Gómez, José |a ed. |a Sanchéz Taribio, M° Isabel |a ed. |a Barba Martínez, Esteban |a Colab. |a García Monreal, Francisco |a Colab. |a Botía Ordaz, Pablo |a Colab. |a Gil Fuentes, Antonio |a Colab. |a Saavedra, Francisco del Amor |a Colab. | ||
| 999 | |c 10802 |d 10802 | ||



